| 000 | 00465nam a2200169Ia 4500 | ||
|---|---|---|---|
| 001 | 62212 | ||
| 008 | 141119s9999 xx 000 0 und d | ||
| 020 | _aNA | ||
| 040 | _cPK-LaUMT | ||
| 082 |
_a 220 _bSIR-T |
||
| 100 | _aSir Syed Ahmad Khan | ||
| 245 |
_aTabeyeen ul kalam fi tafsir ut toraat walengeel alia millatul Islam (Urdu) _cSir Syed Ahmad Khan |
||
| 260 |
_aLahore,Pakistan: _bMaktabah Akhuwaat, _cN.D |
||
| 501 | _a2 vols | ||
| 546 | _aUR | ||
| 942 | _cBK | ||
| 999 |
_c62642 _d62642 |
||